000 00852nas a2200277 4500
001 BR2011002101
003 BR-BrBNA
005 20231205114553.0
007 ta
008 230509b bl.|||p| |||| 00| 00por d
040 _aBR-BrBNA
_bpor
_cBiblioteca Nacional de Agricultura
041 _a(Pt)
072 _aF03
100 1 _aSilveira, F.A.O.
100 1 _aSantos, J.C.
100 1 _aFernandes, G.W.
245 1 _aSeed germination ecophysiology of the wild pinapple, Ananas ananassoides (Baker)L.B.Sm. (Bromeliaceae)
650 _aABACAXI
650 _aPLANTA ORNAMENTAL
650 _aSEMENTE
650 _aGERMINAÇÃO
650 _aARMAZENAMENTO
773 0 _tActa Botanica Brasilica (Brazil)
_xISSN 0102-3306
_g(Oct-Dec 2010), v. 24(4) p. 1100-1103
_wBR2011002101
909 _a202311
_bLúcia
_c55
_dLúcia Elande
942 _2AGRIS
_n0
_cANA
999 _c209373
_d209373